Registrácia ochranných známok a ich význam v podnikaní bakalárska práca

Gespeichert in:
Bibliographische Detailangaben
1. Verfasser: Bittová, Monika
Körperschaft: Obchodná fakulta EU. Katedra obchodného práva
Weitere Verfasser: Hutta, Michal, 1982-
Format: Buch
Sprache:Slowakisch
Veröffentlicht: Bratislava 2024
Tags: Tag hinzufügen
Keine Tags, Fügen Sie das erste Tag hinzu!

MARC

LEADER 00000nbm a2200000 4500
001 0302397
005 20241122133054.6
041 0 |a slo 
044 |a SK 
245 1 0 |a Registrácia ochranných známok a ich význam v podnikaní  |b bakalárska práca  |c Monika Bittová ; školiteľ: Michal Hutta 
264 1 |a Bratislava  |c 2024 
300 |a 45 s. 
100 1 |a Bittová, Monika 
700 1 |a Hutta, Michal, 1982- 
710 2 |a Obchodná fakulta EU. Katedra obchodného práva